00718nam a2200229Ia 450000500170000000800410001704000190005804100120007708200210008910000200011024500600013026000250019030000120021550400500022763000260027765000270030365100190033085000100034994200070035999900160036695201060038220221209105453.0131103s9999 xx 000 0 und d aLoreto College aEnglish a821.91 bTHO-MOR aMorton, Richard 3aAn Outline of the worls of Dylan ThomascRichard Morton aTorontobForumc1970 a111 p.  aIncludes bibliographical references and index aThomas, Dylan - Works aThomas, Dylan, 1914-53 aEnglish Poetry aLCLIB cBK c6595d57074 00102ddc4070aMAINbMAINd2013-11-04l0o821.91 THO-MOR 21769pB6465r2013-11-04w2013-11-04yBKf